Lyrics Happier Than Ever - Billie Eilish - Statistiques

Statistiques générales
  • Ce quiz a été pris 1 056 fois
  • Le résultat moyen est 231 sur 303
Statistiques - réponses
Réponse % Correct
a
99%
I
99%
you,
99%
you
99%
You
99%
ever
98%
me
96%
Be
95%
When
95%
when
95%
happier
94%
i'm
94%
I'm
94%
than
94%
to
94%
To
94%
do,
93%
Do
93%
do
93%
in
92%
Was
92%
was
92%
my
91%
the
91%
away
90%
from
90%
could
89%
it
89%
your
89%
an
88%
better
88%
Don't
88%
don't
88%
on
88%
Wish
88%
wish
88%
about
86%
So
85%
And
81%
Cause
81%
cause
81%
or
81%
Or
81%
true
81%
wasn't
81%
were
81%
shit
80%
this
80%
explain
79%
made
79%
Made
79%
never
79%
Never
79%
city
78%
fucking
77%
hate
77%
again
76%
drunk
76%
talk
76%
call
75%
internet
75%
what
74%
way ?
73%
but
72%
But
72%
no
72%
relate
72%
tell
72%
two
72%
friends
71%
Give
71%
influence
71%
said
71%
day
70%
of
70%
any
69%
think
69%
bad
68%
Benz
68%
every
68%
something
68%
under
68%
make
67%
read
67%
that
67%
anything
65%
myself
65%
shitty
65%
treat
65%
everything
64%
home
64%
told
64%
death,
63%
scared
63%
letter
62%
anyone
61%
did
61%
write
61%
listen
60%
only
60%
avenue ?
59%
have
59%
time
59%
breath
58%
clever
58%
interviews ?
57%
up
57%
even
56%
sad
56%
all
54%
cool
54%
I'd
54%
opposite
54%
say
54%
skip
54%
telling
53%
feel
52%
knew
52%
know
52%
passing
52%
through
52%
asked
51%
embarrassing,
51%
try
51%
waste
51%
one
49%
if
48%
really
46%
wanna
46%
wasting
46%
miserable
45%
more
43%
afraid
42%
alone
42%
You'd
42%
you'd
42%
clearly
41%
fair
41%
Just
41%
leave
41%
isn't
40%
showed
40%
end
39%
empty
38%
good
35%
line
35%
own
34%
for
32%
misunderstood
32%
moment
32%
mother
32%
aware
31%
kid
31%
ruined
30%
Always
29%
weren't
28%
mind
27%
paid
23%
shit's
22%
out
16%
shut'em
10%
Drinving
5%
Aucun quiz correspondant
Distribution des résultats
% des personnes avec chaque résultat
Percentile par nombre de réponses
Votre historique - résultats
Vous n’avez pas pris ce quiz